00996 2200169 4500001002100000005001500021035002000036245005500056250001700111300002800128260003900156082001100195084001500206020002200221650001700243520056600260INLIS00000000000002820240319070730 a0010-0324000028 aMengenal Puasa :bAll About Fasting /cAli Muakhir acetakan ke-1 a32 hlm :bilus ;c18 cm aJakarta :bBumi Aksara Kids,c2009 a2X4.13 a2X4.13 MEN a978-979-010-520-1 4aReligi Islam aKalian tahu apa itu ibadah? Kenapa kalian harus beribadah? Salah satu bentuk ibadah adalah puasa. Puasa ada yang wajib dan ada yang sunnah. Puasa Ramadhan adalah puasa wajib, sedangkan puasa sunnah banyak macamnya, seperti puasa senin-kamis, puasa Daud, dll. Banyak pula hikmah dan manfaat dari berpuasa. Dengan melaksanakan puasa, tandanya kalian cinta pada Allah swt. Dan sebaliknya, Allah pun akan mencintai kalian. Mau tahu cara mencintai dan dicintai Allah swt.? Mau tahu tata cara ibadah yang benar? Dalam buku ini, kalian akan mendapatkan jawabannya.